Anatomy and consequences of exchange control regimes (Record no. 34388)

MARC details
000 -LEADER
fixed length control field 00901nam a2200229 a 4500
008 - FIXED-LENGTH DATA ELEMENTS--GENERAL INFORMATION
fixed length control field 120416s1978 ||||||||||||||||| || u
020 ## - INTERNATIONAL STANDARD BOOK NUMBER
International Standard Book Number 0884104877
050 ## - LIBRARY OF CONGRESS CALL NUMBER
Classification number HF 1413 Bha
100 ## - MAIN ENTRY--PERSONAL NAME
Personal name Bhagwati, Jagdish N., 1934-
245 10 - TITLE STATEMENT
Title Anatomy and consequences of exchange control regimes
260 ## - PUBLICATION, DISTRIBUTION, ETC.
Place of publication, distribution, etc. Cambridge, [Mass.]
Name of publisher, distributor, etc. Ballinger
Date of publication, distribution, etc. 1978
300 ## - PHYSICAL DESCRIPTION
Extent xix, 232p. : ill.
350 ## - PRICE (NR) (BK AM CF MU VM SE) [OBSOLETE]
Price 0.00
490 ## - SERIES STATEMENT
Series statement Foreign trade regimes and economic development
490 ## - SERIES STATEMENT
Volume/sequential designation v. 11 ; Studies in international economic relations ;v. 10
500 ## - GENERAL NOTE
General note Bibliography
650 #0 - SUBJECT ADDED ENTRY--TOPICAL TERM
Topical term or geographic name entry element FOREIGN TRADE REGULATION
650 ## - SUBJECT ADDED ENTRY--TOPICAL TERM
Topical term or geographic name entry element DEVELOPING COUNTRIES--FOREIGN ECONOMIC RELATIONS
650 #0 - SUBJECT ADDED ENTRY--TOPICAL TERM
Topical term or geographic name entry element ECONOMICS
650 ## - SUBJECT ADDED ENTRY--TOPICAL TERM
Topical term or geographic name entry element DEVELOPING COUNTRIES--COMMERCIAL POLICY
995 ## - RECOMMENDATION 995 [LOCAL, UNIMARC FRANCE]
-- 0.00
-- CBU-MAIN LIBRARY (Kitwe)
-- 1
-- 30.25
-- 1
-- AVAILABLE
-- Main Library Open Access Collection
Holdings
Withdrawn status Lost status Source of classification or shelving scheme Damaged status Not for loan Home library Current library Shelving location Date acquired Total Checkouts Full call number Barcode Date last seen Price effective from Koha item type
          CBU-MAIN LIBRARY, KITWE. CBU-MAIN LIBRARY, KITWE.   11/30/2022   HF 1413 Bha 005820 11/30/2022 11/30/2022 MONOGRAPH